| 000 | 00915cam a22002531i 4500 | ||
|---|---|---|---|
| 003 | SA-RiAUC | ||
| 005 | 20260205123114.0 | ||
| 008 | 260204s1992 su g 000rp ara c | ||
| 040 |
_aSA-JeALM _bara _cSA-RiAUC _erda |
||
| 043 |
_aa-su--- _aa-iq--- |
||
| 050 | 4 | _bQ27 1992 | |
| 082 | 0 | 4 |
_a811.9567 _qSA-RiAUC |
| 090 |
_a811.9567 _bس م ا |
||
| 100 | 1 |
_aالسماوي، يحيى، _d1949- _eمؤلف. |
|
| 245 | 1 | 0 |
_aقلبي على وطني / _cشعر يحيي السماوي. |
| 250 | _aالطبعة الأولى. | ||
| 264 | 1 |
_aجدة، السعودية : _bعبد المقصود محمد سعيد خوجة، _c1993 |
|
| 300 |
_a174 صفحة ؛ _c24 سم |
||
| 336 |
_aنص _btxt _2rdacontent _3كتاب |
||
| 337 |
_aبدون وسيط _bn _2rdamedia |
||
| 650 | 7 |
_aالشعر العربي _zالعراق _yقرن 20 _2aucsh |
|
| 942 |
_2ddc _cBOOK _n0 |
||
| 949 |
_aSA-JeALM _d260204 _uosman123 _n1 |
||
| 999 |
_c14256 _d14256 |
||